| 000 | 00492nam a22001817a 4500 | ||
|---|---|---|---|
| 003 | OSt | ||
| 005 | 20140310182456.0 | ||
| 008 | 130806t xxu||||| |||| 00| 0 eng d | ||
| 020 | _a9788183567756 | ||
| 050 |
_aQK 99 _b.K45 2001 |
||
| 100 |
_aKhan, Noor Ahmed _98386 |
||
| 245 |
_aImportance of Medicinal Plants _cNoor Ahmed Khan |
||
| 260 |
_aNew Delhi _bDiscovery Publishing House PVT.LTD _cc2011. |
||
| 300 |
_a274 p. _c22 cm. |
||
| 541 | _j1 | ||
| 562 | _e1 | ||
| 942 |
_2lcc _cSSLC |
||
| 999 |
_c13736 _d13736 |
||